000 00652nam a22001937a 4500
003 OSt
005 20240904151132.0
008 240904b ||||| |||| 00| 0 eng d
040 _cAIMIT LIBRARY
100 _aPrajwal
_e2216132
_9178697
245 _aImpact of foreign institutional investment on Indian stock market /
_cBy Prajwal ; Guided by Annette Sonia Maben.
260 _aMangalore ;
_c2024.
650 _aResearch question
_9178698
650 _aData sources
_9178699
650 _aLimitation of study
_9178700
700 _aMaben, Annette Sonia.
_eGuide
_9178701
856 _3Econo Broking Pvt Ltd.
_ywww.econobroking.com
942 _2ddc
_cPRO
999 _c231732
_d231732